000 00744aas a2200217 4500
999 _c3368
_d3368
003 BR-BrBNA
005 20230317233759.0
007 ta
008 230119b bl ||||| |||| 00| 0 por d
035 _a000485-5
040 _aBR-BrBNA
_bPor
_cBR-BrBNA
042 _a058281-6
044 _abl
245 _aPrograma Estadual de Assistência Técnica de Extensão Rural - Empresa de Assistência Técnica de Extensão Rural do Estado de Mato Grosso (Brazil)
260 _aCuiabá-MT
_bEmpresa de Assistência Técnica de Extensão Rural do Estado de Mato Grosso
_c1977. Data final de publicação em 1978
_eBMT
270 _aCaixa Postal 225 - 78000-000
310 _aanual
505 _a1977/79; 1978;
909 _a56
_bSergio Santos
_c56
_dSergio Santos
942 _cCR
_2AGRIS